BLACKPINK songs win music show - Statistics

General Stats
  • This quiz has been taken 75 times
  • The average score is 12 of 14
Answer Stats
Wins Group/Soloist Released Date Song % Correct
13 WIns BLACKPINK 26/6/2020 How You Like That
95%
9 WIns JISOO 31/3/2023 Flower
93%
6 WIns ROSE 12/3/2021 On The Ground
92%
1 WIn LISA 10/9/2021 LALISA
90%
10 WIns BLACKPINK 16/9/2022 Shut Down
90%
2 WIns JENNIE 12/11/2018 SOLO
87%
7 WIns BLACKPINK 19/8/2022 Pink Venom
85%
2 WIns BLACKPINK 5/4/2019 Kill This Love
84%
11 WIns BLACKPINK 15/6/2018 DDU-DU DDU-DU
80%
2 WIns BLACKPINK 1/11/2016 Playing With Fire
79%
3 WIns BLACKPINK 22/6/2017 As If It's Your Last
75%
3 WIns BLACKPINK 8/8/2016 Whistle
75%
6 WIns BLACKPINK 2/10/2020 Lovesick Girls
69%
3 WIns BLACKPINK 28/8/2020 Ice Cream
61%
No matching quizzes found
Score Distribution
Percent of People with Each Score
Percentile by Number Answered
Your Score History
You have not taken this quiz